000 00473nam a2200169 i 4500
001 79465
003 ES-MaACL
005 20251004063126.0
007 t|
008 041021s1963 ag |||| | spa d
100 1 _aHernández, José,
_d1834-1886
_9168607
245 1 0 _aMartín Fierro /
_cJosé Hernández.
260 _aBuenos Aires :
_bEd. Universitaria,
_c1963.
300 _a96 p. :
_bil. ;
_c33 cm.
852 _aES-MaACL
_jC-25267
999 _c79465
_d79465